| 000 | 01318nam a2200325 a 4500 | ||
|---|---|---|---|
| 001 | 000113255 | ||
| 003 | CHAP | ||
| 005 | 20220329144346.0 | ||
| 008 | 170525s2016 mx sm |||||||spa d | ||
| 010 | _a109716 | ||
| 011 | _a110688 | ||
| 040 | _cCHAP | ||
| 090 | _aTesis | ||
| 100 | 1 |
_aRiofrio Correa, Josue _9126806 |
|
| 245 | 1 | 0 |
_a"Implementación en vehiculo aereo no tripulado de un sistema lidiar para trazar curvas de nivel" _h[En línea] _cpor Josue Riofrio Correa. |
| 260 |
_aChapingo, Méx. : _bEl autor, _c2016. |
||
| 500 | _aPara ver el contenido del material haga clic en la liga | ||
| 502 | _aTesis (M. en Ingeniería Agrícola y Uso Integral del Agua, Orientación Mecanizacón Agrícola) -- UACH. Departamento de Irrigación | ||
| 502 | _aUACH. Departamento Ingeniería Mecánica Agrícola | ||
| 590 |
_aE5765TAJ _b05 _c20170525 _lUCH01 _h1123 |
||
| 590 |
_aE5765TAJ _b05 _c20170525 _lUCH01 _h1124 |
||
| 650 | 1 | 4 |
_aCurvas sobre superficies _xProcesamiento automático de datos. _9132329 |
| 650 | 1 | 4 |
_aFotogrametría aérea. _942727 |
| 650 | 1 | 4 |
_aLevantamiento topográfico. _966426 |
| 650 | 1 | 4 |
_aVehículos aéreos no tripulados _xDiseño y construcción. _9132330 |
| 856 |
_aFinding aid _uhttp://10.13.5.2/tesis/sist113255.pdf _zTeclea aquí |
||
| 901 | _aBK | ||
| 942 | _cTESIS | ||
| 942 | _n0 | ||
| 999 |
_c109716 _d109716 |
||